| 000 | 01227nam a22002777a 4500 | ||
|---|---|---|---|
| 001 | 7083 | ||
| 003 | FISKH | ||
| 005 | 20250620111051.0 | ||
| 008 | 250620b cb ||||| |||| 00| 0 eng d | ||
| 020 | _a9780753455166 | ||
| 040 |
_aFISKH _beng _cFISKH _dFISKH |
||
| 050 | _aQK49.S62 | ||
| 082 | _a581.03 | ||
| 100 | _aSmiley, Simon | ||
| 245 |
_aE.T. discovers plants / _cBy Simon Smiley |
||
| 250 | _aFirst published in 2002 | ||
| 260 |
_aNew York : _bKingfisher , _c2002. |
||
| 300 |
_a29 pages : _bcolor illustrations ; _c28 cm . |
||
| 505 | _aN | ||
| 520 | _aBees turn the nectar that they collect into honey. To make one teaspoonfull, they must fly an average of 109 miles (175km). E.T. discovers that burning wood is better for the planet than burning coal and oil -- as long as we replace the trees. E.T. has collected many so fascinating facts that he has to send them back to his planet to be analysed--and you can analyze them too in the Information Overload panels that border each page of this colorful exploration of the world of plants. | ||
| 521 | 8 |
_a580
_bLexile estimate |
|
| 521 | 8 |
_aN
_bRaz-Plus |
|
| 700 |
_aWeber, Belinda _eProject manager |
||
| 942 |
_2ddc _cBK _n0 |
||
| 999 |
_c7083 _d7083 |
||